| 000 | 00905nam a2200241 i 4500 | ||
|---|---|---|---|
| 001 | 99595 | ||
| 003 | ES-MaACL | ||
| 005 | 20250730165126.0 | ||
| 007 | t| | ||
| 008 | 050913s1967 sp ||||1| spa d | ||
| 080 | _a929.61(461.11) | ||
| 100 | 1 |
_aMartínez-Barbeito, Carlos, _d1913-1997 _977884 |
|
| 245 | 1 | 0 |
_aEscudos reales, municipales y nobiliarios de la Coruña y su tierra / _cCarlos Martínez-Barbeito. |
| 260 |
_aLa Coruña : _b[s.n.], _c1967 ( _eImp. Moret) |
||
| 300 |
_a71 p. : _bil. ; _c22 cm. |
||
| 500 | _aEs tirada aparte de Revista del Instituto José Cornide de Estudios Coruñenses. Año III.- Nº 3.-1967. | ||
| 650 | 4 |
_aHeráldica- _zLa Coruña. _9145856 |
|
| 710 | 2 |
_aInstituto "José Cornide" de Estudios Coruñeses _95109 |
|
| 852 |
_aES-MaACL _j2071-F-8 _bR.72053 |
||
| 852 |
_aES-MaACL _jC-49748 _bR.84948 |
||
| 852 |
_aES-MaACL _jC-45082 _bR.83964 |
||
| 999 |
_c99595 _d99595 |
||